00384nam a2200181Ia 4500003000900000008004100009040001300050040001300063041000800076100002200084245003600106250001200142260001200154260000900166300001100175300001000186490000600196IT-RoPAU120407s9999 xx 000 0 und d aIT-RoPAU cIT-RoPAU aita aGaetano Chiavacci aSaggio sulla natura dell’uomo aFirenze aSansoni c1936 a116 p. c24 cm v1